| 000 | 00706nam a22002417a 4500 | ||
|---|---|---|---|
| 001 | 2651616 | ||
| 003 | OSt | ||
| 005 | 20230516024958.0 | ||
| 008 | 710714s1968 enk 000 0 eng | ||
| 010 | _a 68112237 | ||
| 015 | _aB68-08534 | ||
| 020 | _a0851103405 | ||
| 040 |
_aMMU _cMMU _dMMU _beng |
||
| 050 | 0 | 0 |
_aB804 _b.S32 |
| 100 | 1 |
_aSchaeffer, Francis A. _q(Francis August) |
|
| 245 | 1 | 0 |
_aEscape from reason/ _c[by] Francis A. Schaeffer. |
| 260 |
_aLondon : _bInter-Varsity Fellowship, _c1968. |
||
| 300 |
_a96 p. : _c18 cm. |
||
| 350 | _a3/6 | ||
| 650 | 0 |
_aFaith and reason _xChristianity _xHistory of doctrines. |
|
| 906 |
_a7 _bcbc _corignew _du _encip _f19 _gy-gencatlg |
||
| 942 |
_2lcc _cLOAN LOAN |
||
| 999 |
_c17872 _d17872 |
||